000
00474nam a2200181Ia 4500
008
090123s9999 xx 000 0 und d
082
_b
34115
100
_a
सामंत बाळ
245
_a
गजराज
250
_a
1
260
_b
परचुरे प्रकाशन
_c
2002
300
_a
248
600
_a
सामंत बाळ
630
_a
गजराज
700
_a
सामंत बाळ
730
_a
गजराज
942
_c
BOOK
999
_c
72157
_d
72157